[Event "ESP-ch Rapid"]
[Site "Linares"]
[Date "2023.08.19"]
[Round "9"]
[White "Oroz Carrasco, Adrian"]
[Black "Urbina Perez, Juan Antonio"]
[Result "0-1"]
[WhiteElo "2008"]
[BlackElo "2266"]
[PlyCount "80"]
[EventDate "2023.08.19"]
[EventType "swiss (rapid)"]
[EventRounds "10"]
[EventCountry "ESP"]
[SourceTitle "CBM 215 Extra"]
[Source "ChessBase"]
[SourceDate "2023.09.30"]
[SourceVersion "1"]
[SourceVersionDate "2023.09.30"]
[SourceQuality "1"]

1. e4 c5 2. Nc3 Nc6 3. Bb5 Nd4 4. Bc4 e6 5. Nge2 a6 6. Nxd4 cxd4 7. Ne2 b5 8. Bb3 Bc5 9. d3 Ne7 10. 0-0 0-0 11. c3 dxc3 12. bxc3 Bb7 13. a4 f5 14. Bc2 fxe4 15. dxe4 Qb6 16. Nd4 b4 17. Be3 Nc6 18. Nxc6 Bxc6 19. Bxc5 Qxc5 20. cxb4 Qxb4 21. Rb1 Qc5 22. Qd3 a5 23. Bd1 Rf4 24. Bf3 Raf8 25. Kh1 Bxa4 26. Rbc1 Qg5 27. Qe3 Qg6 28. e5 Rxf3 29. gxf3 Bc6 30. Rxc6 dxc6 31. Rc1 Rc8 32. Qb3 Qf5 33. Rc5 a4 34. Qxa4 Qxf3+ 35. Kg1 Rd8 36. Rc1 h6 37. Qc4 Rd5 38. Re1 c5 39. Qa4 Rd4 40. Qa8+ Qxa8 0-1

[Event "ESP-ch U16"]
[Site "Salobrena"]
[Date "2021.07.23"]
[Round "8"]
[White "Oroz Carrasco, Adrian"]
[Black "Maldonado Mena, German"]
[Result "0-1"]
[WhiteElo "1765"]
[BlackElo "2015"]
[PlyCount "104"]
[EventDate "2021.07.19"]
[EventType "swiss"]
[EventRounds "9"]
[EventCountry "ESP"]
[SourceTitle "EXT 2022"]
[Source "ChessBase"]
[SourceDate "2021.10.06"]
[SourceVersion "1"]
[SourceVersionDate "2021.10.06"]
[SourceQuality "1"]

1. d4 d5 2. Nf3 Nf6 3. Bf4 c5 4. e3 Nc6 5. c3 Qb6 6. Qb3 c4 7. Qc2 Bf5 8. Qc1 e6 9. h3 h6 10. Be2 Be7 11. Nbd2 Qd8 12. 0-0 0-0 13. Ne5 Rc8 14. f3 Bh7 15. Nxc6 Rxc6 16. e4 b5 17. e5 Ne8 18. Be3 b4 19. f4 bxc3 20. bxc3 f6 21. exf6 Nxf6 22. g4 Ne4 23. Nxe4 Bxe4 24. g5 hxg5 25. fxg5 Rxf1+ 26. Kxf1 Rc8 27. Bf4 e5 28. Bxe5 Bxg5 29. Qe1 Bh4 30. Bg3 Qg5 31. Bg4 Re8 32. Kg1 Bg6 33. Qf2 Bxg3 34. Qxg3 Qe3+ 35. Qxe3 Rxe3 36. Rc1 Be4 37. Kf2 Rd3 38. Ke2 Rg3 39. a4 Rg2+ 40. Ke3 Ra2 41. Bd1 a5 42. Kf4 Kf7 43. Ke5 Ke7 44. Bg4 Rxa4 45. Be6 Ra2 46. Bxd5 Bd3 47. Bc6 Rf2 48. d5 Rf5+ 49. Kd4 Kd6 50. Rg1 Re5 51. Rg4 g5 52. h4 Bf5 0-1